02082cam a2200397Ii 4500001001000000003000600010005001700016008004100033020001800074035002100092040009900113050002300212060002100235082001700256100003200273240004100305245008800346246003900434246004100473250003300514264005200547300012900599500001900728500002700747500007400774500019600848500017701044520021101221650002101432650001801453650001201471650002801483700003101511700008301542700005901625990424568OCoLC20210306175325.0170605s2017 njua 001 0 eng d a9788126567614 a(OCoLC)990424568 aQCLbengerdacQCLdZ8EdEQOdOCLCOdOCLCFdEZ9dOCLCOdPHUSTdOCLCOdCCNDGdOCLCAdCOOdOCLCO 4aQP34.5 .T638p 201700aQS 4bT712p 2014 222a612bTGT1 aTortora, Gerard J.,eauthor10aPrinciples of anatomy and physiology10aTortora's principles of anatomy & physiology /cGerard J. Tortora, Bryan Derrickson30aPrinciples of anatomy & physiology3 aPrinciples of anatomy and physiology a15th edition, Global edition 1aHoboken, NJ :bJohn Wiley & Sons, Inc.,c[2017] axii, 989, [81] pages :billustrations (colour) ;c28cm +e1 supplement (195 pages : illustrations (black and white) ; 28 cm) aIncludes index aPrevious edition: 2014 aOriginally published as: Principles of anatomy and physiology, [1975] a"The content provided in this textbook is based on Tortora and Derrickson's Principles of anatomy and physiology 15th edition [2017]. John Wiley & Sons Singapore Pte. Ltd." --Title page verso aAccompanied by supplement: Tortora's principles of anatomy & physiology : study guide / Gerard J. Tortora, Bryan Derrickson. (Hoboken, NJ : John Wiley & Sons, Inc., [2017])8 aThis is designed as an introductory course and assumes no prior knowledge by the student. Completely revised, it includes some new and innovative learning devices, and interesting, new clinical applications 0aHuman physiology 0aHuman anatomy 2aAnatomy 2aPhysiological Phenomena1 aDerrickson, Bryan,eauthor1 aTortora, Gerard J.tTortora's principles of anatomy & physiology : study guide1 aTortora, Gerard J.tPrinciples of anatomy & physiology